书目信息 |
| 题名: |
常用中药形性手册
|
|
| 作者: | 臧堃堂 主编 | |
| 分册: | ||
| 出版信息: | 北京 化学工业出版社 2008 |
|
| 页数: | 383页 | |
| 开本: | 21cm | |
| 丛书名: | ||
| 单 册: | ||
| 中图分类: | R285.1-62 | |
| 科图分类: | ||
| 主题词: | 中药性味--手册 | |
| 电子资源: | ||
| ISBN: | 978-7-122-01101-5 | |
| 000 | 00721nam0 2200229 45 | |
| 001 | 1338860172 | |
| 005 | 20130514151351.32 | |
| 010 | @a978-7-122-01101-5@dCNY68.00 | |
| 100 | @a20130108d2008 ekmy0chiy0120 ea | |
| 101 | 0 | @achi |
| 102 | @aCN@b110000 | |
| 105 | @aa z 000yy | |
| 106 | @ar | |
| 200 | 1 | @a常用中药形性手册@AChang Yong Zhong Yao Xing Xing Shou Ce@f臧堃堂主编@FZang堃 Tang Zhu Bian |
| 210 | @a北京@c化学工业出版社@d2008 | |
| 215 | @a383页@c彩图@d21cm | |
| 330 | @a本书共19章,内容包括:解表药、清热药、泻下药、芳香化湿药等等。 | |
| 606 | 0 | @a中药性味@j手册 |
| 690 | @aR285.1-62@v5 | |
| 701 | 0 | @a臧堃堂@AZang堃 Tang@4主编 |
| 801 | @aCN@bTANGWEI@c20130108 | |
| 905 | @b0828801-05@dR285.1-62@e305@f5 | |
| 常用中药形性手册/臧堃堂主编.-北京:化学工业出版社,2008 |
| 383页:彩图;21cm |
| ISBN 978-7-122-01101-5:CNY68.00 |
| 本书共19章,内容包括:解表药、清热药、泻下药、芳香化湿药等等。 |
| ● |
| 相关链接 |
|
|
|
|
正题名:常用中药形性手册
索取号:R285.1-62/305
 
预约/预借
| 序号 | 登录号 | 条形码 | 馆藏地/架位号 | 状态 | 备注 |
| 1 | 0828801 | 208288011 | 第二样本阅览室/ [索取号:R285.1-62/305] | 在馆 | |
| 2 | 0828802 | 208288020 | 第三借阅区/ [索取号:R285.1-62/305] | 在馆 | |
| 3 | 0828803 | 208288039 | 第三借阅区/ [索取号:R285.1-62/305] | 在馆 | |
| 4 | 0828804 | 208288048 | 第三借阅区/ [索取号:R285.1-62/305] | 在馆 | |
| 5 | 1427797 | 214277977 | 第三借阅区/ [索取号:R285.1-62/305] | 在馆 |